000 00458nab a2200145Ia 4500
003 ES-SlBCS
005 20210601125232.0
008 140529s1974 xxu||||| |||| 00| 0 eng d
041 _aeng
100 1 _aResnik, Michael David
_9155794
245 0 4 _aThe Frege-Hilbert Controversy
_c Michael David Resnik
600 1 _aFrege, Gottlob-Hilbert
_9155795
773 0 _tPhilosophy and Phenomenological Research
_gvol. 34, 1974, págs. 386-403
_wRev1411
942 _cAR
999 _c526999
_d526999